Atacama en el tiempo: territorios, identidades, lenguas. (Provincia El Loa, II Región)

Se ofrece una perspectiva histórica sobre el tema de la construcción de identidades étnicas, desde la época prehispánica hasta el presente etnográfico, en los territorios de costa y tierras altas de la Región de Antofagasta y su dinámica con la vertiente oriental andina aledaña.

Bibliographic Details
Main Author: Castro R., Victoria
Format: Analitica de revista
Language:Spanish
Published: 2001.
Subjects:
Online Access:Acceso electrónico al documento

MARC

LEADER 00000caa a22000007a 4500
008 180924c2001 cl |||| o|||| 00| 0 spa d
952 |0 0  |1 0  |4 0  |6 RECURSO_ELECTRONICO  |7 0  |8 BAS  |9 93737  |a BC  |b BC  |c General  |d 2020-04-20  |l 0  |o RECURSO ELECTRONICO  |r 2020-04-20 00:00:00  |w 2020-04-20  |y REVA  |A 16  |A 61  |B ANT  |C 17 
999 |c 51215  |d 51215 
040 |a UAHC  |c UAHC  |d UAHC 
100 |9 4947  |a Castro R., Victoria 
245 |a Atacama en el tiempo:   |b  territorios, identidades, lenguas. (Provincia El Loa, II Región)  |c Victoria Castro R. 
260 |c 2001. 
300 |a 25 p. 
500 |a Sitios visitado (https://anales.uchile.cl/index.php/ANUC/article/view/2527/2441) el 24 de septiembre de 2018. En: Anales de la Universidad de Chile, no. 13, 2001. ISSN: 0717-8883. 
520 |a Se ofrece una perspectiva histórica sobre el tema de la construcción de identidades étnicas, desde la época prehispánica hasta el presente etnográfico, en los territorios de costa y tierras altas de la Región de Antofagasta y su dinámica con la vertiente oriental andina aledaña. 
650 0 |9 1868  |a Identidad cultural 
650 0 |9 11573  |a Identidad étnica 
651 0 |9 5186  |a Atacama (Chile : Provincia)   |x Historia 
856 |y Acceso electrónico al documento  |u https://anales.uchile.cl/index.php/ANUC/article/view/2527/2441 
900 |a RECURSO ELECTRONICO 
942 |c REVA  |2 ddc